Statistics for Νησιά της Ελλάδας

Click here to take the quiz!

General Stats

  • This quiz has been taken 410 times
    (217 since last reset)
  • The average score is 46 of 83

Answer Stats

ΠληθυσμόςΑπαντήσεις% Correct
624.266Κρήτη
99%
125.113Ρόδος
99%
98.127Κέρκυρα
97%
50.361Χίος
96%
10.704Μύκονος
94%
14.520Πάρος
93%
41.180Ζάκυνθος
92%
19.597Νάξος
90%
83.755Λέσβος
89%
207.726Εύβοια
89%
15.231Θήρα (Σαντορίνη)
88%
37.089Κως
87%
21.518Λευκάδα
87%
32.642Σάμος
84%
36.064Κεφαλονιά
83%
21.124Σύρος
81%
5.802Σκιάθος
77%
4.518Σκόπελος
77%
8.826Άνδρος
77%
2.299Ίος
77%
13.104Θάσος
77%
2.596Σαμοθράκη
75%
3.605Κύθηρα
75%
2.466Παξοί
74%
8.934Τήνος
74%
5.302Μήλος
73%
2.862Ιθάκη
73%
2.070Ύδρα
72%
8.843Ικαρία
72%
6.567Κάρπαθος
70%
16.411Λήμνος
69%
12.911Αίγινα
68%
1.265Αντίπαρος
68%
3.052Σκύρος
65%
3.748Σπέτσες
65%
1.241Σέριφος
64%
2.777Σίφνος
64%
1.376Αστυπάλαια
63%
719Φολέγανδρος
63%
3.138Αλόννησος
62%
17.752Κάλυμνος
62%
2.335Κέα
61%
37.220Σαλαμίνα
58%
584Καστελλόριζο
58%
420Ψαρά
57%
7.992Λέρος
57%
1.961Αμοργός
56%
3.261Πόρος
55%
142Γαύδος
55%
1.568Κύθνος
54%
3.283Πάτμος
54%
2.603Σύμη
53%
746Τήλος
49%
391Κουφονήσι
49%
39Αντικύθηρα
48%
1.131Αγκίστρι
44%
1.048Νίσυρος
43%
1.223Κάσος
43%
253Σίκινος
40%
1.343Φούρνοι
39%
293Ανάφη
35%
213Δονούσα
35%
810Κίμωλος
34%
257Άγιος Ευστράτιος
34%
148Ηράκλεια
32%
475Χάλκη
31%
229Σχοινούσα
30%
898Ελαφόνησος
26%
386Οθωνοί
24%
521Αμμουλιανή
24%
911Οινούσσες
24%
778Λειψοί
23%
249Θηρασιά
18%
926Μεγανήσι
17%
202Αγαθονήσι
13%
342Κάλαμος
10%
174Μαθράκι
10%
169Τριζόνια
10%
94Τέλενδος
10%
40Κάστος
10%
447Ερεικούσσα
9%
91Άγιος Αχίλλειος
4%
187Νήσος Ιωαννίνων
3%

Score Distribution

Percentile by Number Answered

Percent of People with Each Score

Your Score History

You have not taken this quiz since the last reset